|
|
|
|
| LEADER |
00000nam0a2200000 4500 |
| 001 |
293257 |
| 005 |
20231102000557.0 |
| 035 |
|
|
|a (RuTPU)RU\TPU\book\318222
|
| 090 |
|
|
|a 293257
|
| 100 |
|
|
|a 20150429d1984 k y0rusy50 ca
|
| 101 |
0 |
|
|a rus
|
| 102 |
|
|
|a RU
|
| 105 |
|
|
|a a z 001zy
|
| 200 |
1 |
|
|a Биологическое повреждение промышленных материалов
|f И. Г. Каневская
|g Академия наук СССР (АН СССР), Ботанический институт им. В. Л. Комарова (БИН) ; под ред. М. В. Горленко
|
| 210 |
|
|
|a Ленинград
|c Наука
|d 1984
|
| 215 |
|
|
|a 232 с.
|c ил.
|
| 320 |
|
|
|a Библиогр.: с. 211-228
|
| 606 |
1 |
|
|a Биоповреждения
|2 stltpush
|3 (RuTPU)RU\TPU\subj\28733
|9 52233
|
| 610 |
1 |
|
|a промышленные материалы
|
| 610 |
1 |
|
|a биологические повреждения
|
| 610 |
1 |
|
|a почвы
|
| 610 |
1 |
|
|a микофлора
|
| 610 |
1 |
|
|a исследование
|
| 610 |
1 |
|
|a почвенные микромицеты
|
| 610 |
1 |
|
|a целлюлоза
|
| 610 |
1 |
|
|a производные
|
| 610 |
1 |
|
|a полимерные материалы
|
| 610 |
1 |
|
|a синтетические материалы
|
| 610 |
1 |
|
|a металлы
|
| 610 |
1 |
|
|a биокоррозия
|
| 610 |
1 |
|
|a микроскопические грибы
|
| 675 |
|
|
|a 620.193
|v 4
|
| 700 |
|
1 |
|a Каневская
|b И. Г.
|g Инесса Григорьевна
|
| 702 |
|
1 |
|a Горленко
|b М. В.
|4 340
|
| 712 |
0 |
2 |
|a Академия наук СССР (АН СССР)
|b Ботанический институт им. В. Л. Комарова (БИН)
|c (Санкт-Петербург)
|2 stltpush
|3 (RuTPU)RU\TPU\col\15427
|
| 801 |
|
1 |
|a RU
|b 63413507
|c 20150429
|
| 801 |
|
2 |
|a RU
|b 63413507
|c 20190116
|g RCR
|
| 942 |
|
|
|c BK
|